01669agaaa2200289 45000010005000000030009000050050017000140070009000310080040000400400023000800410013001031000050001161300022001662450181001882500022003692600157003913000034005485080147005825110090007295200289008195380016011085460013011246500059011377000057011967000062012537000064013157136IT-RoPAU20220918181236.0d cvaizq50131s9999||||xx ||| | || ||und|| aIT-RoPAUcIT-RoPAU aITALIANO aZanussi KrzysztofgCodice regista SPICS: 3377 aPERSONA NON GRATA aPERSONA NON GRATAcProdotto da: Zanussi Krzysztof -- Sceneggiatura: Zanussi Krzysztof -- Diretto da: Zanussi KrzysztofpPERSONA NON GRATA (Rif. Codice opera principale : H7136) aEdizione Standard a(ITA - POL - RUSSIA)bSTUDIO FILMOWE TOR - THREE T PROD. - ISTIT. / Distribuzione: MULTIMEDIA SAN PAOLOg"2005 (1° ed.: 2007 ; Ed. Lingua Orig.: 2005)" aDVDbsonoro, col.c103 minuti a"Fotografia: Klosinski Edward; Montaggio: Zeman Wanda; Musica: Kilar Wojciech; Sceneggiatura: Zanussi Krzysztof; Scenografia: Janicka Jagna; " a"Zapasiewicz Zbigniew; Mikhalkov Nikita; Stuhr Jerzy; Olbrychski Daniel; Girone Remo" aDOPO LA MORTE DELLA MOGLIE, WIKTOR, AMBASCIATORE POLACCO IN URUGUAY, E' ALLE PRESE CON CRESCENTI SOSPETTI, E NON SOLO DI SPIONAGGIO, CHE COMPLICANO ISUOI RAPPORTI CON OLEG, VICE MINISTRO DEGLI AFFARI ESTERI RUSSO, E CON LA BELLA OKSANA, MOGLIE DI UN SUO PUPILLO E OSPITE A CASA SUA... aPAL, STEREO aITALIANO aDRAMMATICOeDVD-FILM [DVD]xCodice MATERIA SPICS: 9947 aKilar Wojcieche(musica)gCodice Musica SPICS: 25050 aZanussi Krzysztof e(regista)gCodice regista SPICS: 3377 aZanussi Krzysztof e(soggetto)gCodice Soggetto SPICS: 3377